| 000 | 00941nam a22001817a 4500 | ||
|---|---|---|---|
| 999 |
_c189431 _d189431 |
||
| 005 | 20220701143645.0 | ||
| 010 | _aB-744783 RP Aruna Nagar | ||
| 020 | _c85.00 | ||
| 035 | _aB-744783 | ||
| 037 | _bPansy Books | ||
| 082 | _a346.54096 | ||
| 245 |
_aThe Negotiable Instruments Act, 1881: _b(26 of 1881) as amended by The Negotiable instruments (Amendment) Act, 2018 (20 of 2018) with Model Forms of notice and Complaint for Dishonor of Cheques, Form of Complaint (to be lodged) with the banking Ombudsman / |
||
| 260 |
_aGurgaon _bLexisNexis _c2022 |
||
| 270 |
_a14th Floor, Building No.10, Tower-B, DLF Cyber City, Phase-II _bGurgaon _e122002 _k911244774444 |
||
| 300 |
_axii,47p. _c23cm(pbk) |
||
| 942 |
_2ddc _cEN _mNEG _h346.54096 |
||